000 01269nam0a22003131 4500
001 rc\272927
005 20260406151743.0
010 _a5-289-00667-2
_9100000
035 _a(NLR Aleph) 005487657
090 _a5173717
_c5173717
100 _a20030307d1990 |||y0rusy50 ca
101 0 _arus
102 _aRU
105 _aa |||||||||
200 1 _aСледствие
_eПовести и рассказы
_e[Пер. с польского]
_fСтанислав Лем
_g[Худож. Н.Н. Гульковский]
210 _aЛ.
_cЛениздат
_d1990
215 _a506, [2] с.
_cил.
_d22
327 1 _aСодерж.: Повести: Следствие; Мир на Земле; Рассказы: Ананке; Альтруизин; Собысча
464 0 _12001#$aСледствие
_tСледствие
464 0 _12001#$aМир на Земле
_tМир на Земле
464 0 _12001#$aАнанке
_tАнанке
464 0 _12001#$aАльтруизин
_tАльтруизин
464 0 _12001#$aСобысча
_tСобысча
700 1 _4070
_8rus
_7ca
_aЛем
_bС.
_f1921-2006
_gСтанислав
_3RU\NLR\auth\775492
_9115456
801 0 _aRU
_bNLR
_gpsbo
801 1 _aRU
_bELAR
_2rusmarc
852 _aNLR
_j91-3/2124
942 _cBOOK
980 _aNB